Представление документа в формате MARC21

Поле Инд. ПП Название Значение
Тип записи a
Библиографический уровень b
001 Контрольный номер b1d8ecaff5294fa3af4544ec395cb195
005 Дата корректировки 20210828074240.8
040 a Служба первич. каталог. РИНЦ
041 0_ a Код языка текста rus
084 a Индекс другой классификации/Индекс ББК 68.9; 60.524.224.026
097 a Чагина С.Г.
097 a Костикова Н.В.
100 1_ a Автор Мельницкая Т. Б.
q Полное имя Мельницкая Татьяна Борисовна
i 000091422
k Кафедра социальной работы; Факультет экономики и управления
u Дополнение Мельницкая Т. Б.
100 1_ a Автор Белых Т. В.
245 10 a Заглавие Оценка уровня информированности граждан России и Беларуси по проблемам проживания на территориях, пострадавших в результате аварии на ЧАЭС
550 a Прим. об изд. организации Кафедра социальной работы; Факультет экономики и управления
650 04 a Основная рубрика чрезвычайные ситуации; гражданская защита; социология
773 18 t Название источника Социологический альманах
b Сведения об издании Институт социологии НАН Беларуси
c Минск
d Место и дата издания 2016
m Специф. данные ненулевой импакт-фактор
n Примечание http://elibrary.ru/contents.asp?issueid=1695328
g Прочая информация № 7. - С. 277 - 289
w Контрольный № источника 0
856 40 u URL http://elibrary.ru/item.asp?id=27686975
901 t Тип документа b
952 c Вид литературы статья в журнале